| 000 | 00530nam a22001937a 4500 | ||
|---|---|---|---|
| 003 | NUST - PNEC | ||
| 005 | 20170116180818.0 | ||
| 008 | 150611b xxu||||| |||| 00| 0 eng d | ||
| 020 | _a9788173194900 | ||
| 040 | _cLIBRARY | ||
| 082 | _a510.4 MIS | ||
| 100 |
_93868 _aMisra, J.C. |
||
| 245 |
_aComputational mathematics, modelling, and algorithms _cJ.C. Misra |
||
| 250 | _a- | ||
| 260 |
_aNew Delhi _bNarosa Publishing House _cc2003. |
||
| 300 | _a516 p. : | ||
| 650 |
_93876 _aMathematics Models _xGeneral |
||
| 942 |
_2ddc _cBK |
||
| 999 |
_c63619 _d63619 |
||